|
|
|
|
| LEADER |
00000nab a2200000 a 4500 |
| 001 |
vtls010471523 |
| 003 |
SK-MaSNL |
| 005 |
20260304233619.0 |
| 008 |
140302c2012 xo |r|p||| |000 b|slo |
| 015 |
|
|
|a SNBRB2012/10
|
| 038 |
|
|
|a SPK
|
| 040 |
|
|
|a SPKCL
|b slo
|c AACR2
|e AACR2
|
| 041 |
0 |
|
|a slo
|b slo
|
| 044 |
|
|
|a xo
|c SK
|
| 072 |
|
7 |
|a 37
|x Výchova a vzdelávanie
|2 konspekt
|
| 072 |
|
7 |
|a 33
|x Ekonómia
|2 konspekt
|
| 080 |
|
|
|a 37.03:336
|2 2001
|
| 080 |
|
|
|a 336
|2 2001
|
| 245 |
0 |
0 |
|a Finančná gramotnosť Slovákov je dvojtretinová
|
| 650 |
0 |
7 |
|a finančná gramotnosť
|2 snkbucl
|9 71731
|
| 773 |
0 |
|
|t Učiteľské noviny
|g Roč. LIX., č.1 (2012)
|x 1335-793X
|
| 773 |
0 |
8 |
|t Školstvo odborne
|g č. 1 (2012), s. 23
|
| 852 |
|
|
|a SPK
|b KIS3GCP
|
| 999 |
|
|
|c 3199459
|d 3201389
|